000 nam a22 7a 4500
999 _c55796
_d55796
003 OSt
005 20221007114258.0
008 221007b xxu||||| |||| 00| 0 eng d
040 _cIIMT SCHOOL OF PHARMACEUTICAL SCIENCES
100 _aKULKARNI,S.K
245 _aHAND BOOK EXPERIMENTAL PHARMACOLOGY
260 _aDELHI
_bVALLABH PRAKSHAN
_c2022
300 _a279
942 _2ddc
_c01